Top 10 Marvel Movies (MCU) - Statistics

General Stats
  • This quiz has been taken 42 times
  • The average score is 7 of 10
Answer Stats
# Answer % Correct
5 Avengers: Endgame
100%
2 Avengers: Infinity War
97%
3 Captain America: Civil War
89%
4 Spider-man: No Way Home
89%
6 The Avengers
86%
9 Thor: Ragnarok
81%
8 Avengers: Age Of Ultron
72%
1 Captain America: The Winter Soldier
42%
7 Deadpool & Wolverine
42%
10 Shang-Chi And The Legend Of The Ten Rings
19%
No matching quizzes found
Score Distribution
Percent of People with Each Score
Percentile by Number Answered
Your Score History
You have not taken this quiz